An Egyptian pantheon /

محفوظ في:

المؤلف الرئيسي: Jørgensen, Mogens Schou (مؤلف)

مؤلف مشترك: Ny Carlsberg glyptotek.

التنسيق: كتاب

اللغة: English

منشور في: [Copenhagen] : Ny Calsberg gluptotek, 2009.

الموضوعات:

الوسوم: إضافة وسم

لا توجد وسوم, كن أول من يضع وسما على هذه التسجيلة!

رقم الطلب: DT59 .C75 J69 2009

LEADER 01134namaa2200301 4500
001 23997
003 OSt
005 20250617081203.0
008 130303s2009 dk ac c 000 0 eng d
020 |a 9788774523086 
040 |c ARCE Library 
043 |a f-ua--- 
050 4 |a DT59 .C75 J69 2009 
100 1 |a Jørgensen, Mogens Schou,   |e author 
245 1 3 |a An Egyptian pantheon /   |c Mogens Jørgensen.  
264 1 |a [Copenhagen] :   |b Ny Calsberg gluptotek,   |c 2009. 
300 |a 71 pages :   |b illustrations (chiefly color), portraits ;   |c 17 cm. 
500 |a "A book in honour of Carl Jacobsen, founder of the Glyptotek, on the 125 anniversary of the establishment of his Egyptian collection." 
600 1 0 |a Jacobsen, Carl Christian Hilmann,  |d 1842-1914  |x Art patronage  |v Catalogs.  
610 2 0 |a Ny Carlsberg glyptotek  |v Catalogs.  
650 0 |a Sculpture, Egyptian  |z Denmark  |z Copenhagen  |v Catalogs. 
650 0 |a Gods, Egyptian  |v Catalogs.  
650 0 |a Goddesses, Egyptian  |v Catalogs.  
651 0 |a Egypt  |x Antiquities  |v Catalogs.  
710 2 |a Ny Carlsberg glyptotek.  
901 |a reviewed 
942 |c BK  |2 lcc 
999 |c 20908  |d 20908